ISC MATHEMATICS BOOK 1: (Record no. 184042)

MARC details
000 -LEADER
fixed length control field 00580nam a22001817a 4500
005 - DATE AND TIME OF LATEST TRANSACTION
control field 20220112105305.0
010 ## - LCCN (DPL NO)
LC control number ENG-131067
020 ## - INTERNATIONAL STANDARD BOOK NUMBER
International Standard Book Number 10-SE-000-941
Terms of availability 750.00
035 ## - SYSTEM CONTROL NUMBER
System control number EN-114599
037 ## - SOURCE OF ACQUISITION
Source of stock number/acquisition DBAD
082 ## - DEWEY DECIMAL CLASSIFICATION NUMBER
Classification number 510
100 ## - MAIN ENTRY--PERSONAL NAME
Personal name Malhotra, O.P.
245 ## - TITLE STATEMENT
Title ISC MATHEMATICS BOOK 1:
Statement of responsibility, etc O.P. MALHOTRA, S.K. GUPTA, ANUBHUTI GANGAL
Remainder of title for Class XI/
260 ## - PUBLICATION, DISTRIBUTION, ETC. (IMPRINT)
Place of publication, distribution, etc New Delhi
Name of publisher, distributor, etc S Chand School Books
Date of publication, distribution, etc 2013
270 ## - ADDRESS
City New Delhi
Address A-27, 2nd Floor, Mohan Co-operative Industrial Estate
Postal code 110044
300 ## - PHYSICAL DESCRIPTION
Extent 1068p.
Dimensions 23cm(pbk)
942 ## - ADDED ENTRY ELEMENTS (KOHA)
Source of classification or shelving scheme Dewey Decimal Classification
Item type English Books
Classification part 510
Call number suffix MAL
Holdings
Withdrawn status Lost status Not for loan Collection code Home library Current library Date acquired Source of acquisition Cost, normal purchase price Full call number Barcode Copy number Cost, replacement price Koha item type
      Non-fiction Central Library Central Library 12/01/2022 DBAD/PUB 750.00 510 MAL EN-114599 1 750.00 English Books

© Delhi Public Library
Hit Counter
free hit counter